000 00428ntaaa2200169 4500
003 01
005 20251027202435.0
008 0714s1973 ag 01
040 _aAR-BaBN
_bspa
_cAR-BaBN
_eaacr
_dRIC
082 _a266.0000 B81
100 _aBrown, Arthur J.
_923285
245 _aForeign missionary; yesterday and today.
250 _a1 ed. :
_bFleming H. Revell,
_cc1907
300 _a412 p.
650 _aMisiones
942 _cBK
999 _c19387
_d19387